| 000 | 00667nam a22002055i 4500 | ||
|---|---|---|---|
| 001 | 48440 | ||
| 003 | ES-MaACL | ||
| 005 | 20240228151641.0 | ||
| 007 | t| | ||
| 008 | 950719s1823 sp ||||1| spa d | ||
| 040 |
_aCAM _bspa _cCAM |
||
| 245 | 0 | 0 | _aDecretos, órdenes y reglamentos expedidos por la Regencia del Reino desde su instalación. |
| 260 |
_aMadrid : _bImprenta Real, _c1823. |
||
| 300 |
_a97 p. ; _c21 cm. |
||
| 650 | 4 |
_aLegislación- _zEspaña- _yS.XIX. _9156293 |
|
| 651 | 4 |
_aEspaña- _xHistoria- _y1814-1833, Fernando VII _98248 |
|
| 710 | 2 |
_aEspaña. _bRey (1814-1833: Fernando VII) _9156294 |
|
| 852 |
_aES-MaACL _jC-18881 |
||
| 999 |
_c48440 _d48440 |
||